<?xml version="1.0" encoding="UTF-8"?>
<record
    xmlns:xsi="http://www.w3.org/2001/XMLSchema-instance"
    xsi:schemaLocation="http://www.loc.gov/MARC21/slim http://www.loc.gov/standards/marcxml/schema/MARC21slim.xsd"
    xmlns="http://www.loc.gov/MARC21/slim">

  <leader>01415nam a22002415a 4500</leader>
  <controlfield tag="003">OSt</controlfield>
  <controlfield tag="005">20170314122008.0</controlfield>
  <controlfield tag="008">170313s2009    xx     frb    000 0 ara d</controlfield>
  <datafield tag="015" ind1=" " ind2=" ">
    <subfield code="a">2009 / 13779</subfield>
  </datafield>
  <datafield tag="020" ind1=" " ind2=" ">
    <subfield code="a">9789770461355</subfield>
  </datafield>
  <datafield tag="040" ind1=" " ind2=" ">
    <subfield code="a">EG-ScBUE</subfield>
    <subfield code="b">ara</subfield>
    <subfield code="c">EG-ScBUE</subfield>
  </datafield>
  <datafield tag="082" ind1="0" ind2="4">
    <subfield code="a">346.020285</subfield>
    <subfield code="b">&#x639; &#x644; &#x64A;</subfield>
    <subfield code="2">22</subfield>
  </datafield>
  <datafield tag="100" ind1="1" ind2=" ">
    <subfield code="a">&#x639;&#x644;&#x64A;&#x60C; &#x648;&#x627;&#x626;&#x644; &#x62D;&#x645;&#x62F;&#x64A; &#x623;&#x62D;&#x645;&#x62F;.</subfield>
  </datafield>
  <datafield tag="245" ind1="1" ind2="2">
    <subfield code="a">&#x627;&#x644;&#x62A;&#x642;&#x627;&#x636;&#x64A; &#x627;&#x644;&#x625;&#x644;&#x643;&#x62A;&#x631;&#x648;&#x646;&#x64A; &#x641;&#x64A; &#x627;&#x644;&#x639;&#x642;&#x648;&#x62F; &#x627;&#x644;&#x62F;&#x648;&#x644;&#x64A;&#x629; :</subfield>
    <subfield code="b">&#x62F;&#x631;&#x627;&#x633;&#x629; &#x62A;&#x62D;&#x644;&#x64A;&#x644;&#x64A;&#x629; &#x645;&#x642;&#x627;&#x631;&#x646;&#x629; &#x641;&#x64A; &#x636;&#x648;&#x621; &#x642;&#x627;&#x646;&#x648;&#x646; &#x627;&#x644;&#x623;&#x648;&#x646;&#x633;&#x62A;&#x64A;&#x631;&#x627;&#x644; &#x627;&#x644;&#x646;&#x645;&#x648;&#x630;&#x62C;&#x64A; &#x644;&#x644;&#x62A;&#x62D;&#x643;&#x64A;&#x645; &#x627;&#x644;&#x62A;&#x62C;&#x627;&#x631;&#x64A; &#x627;&#x644;&#x62F;&#x648;&#x644;&#x64A; &#x644;&#x639;&#x627;&#x645; 1985 &#x645;&#x639; &#x627;&#x644;&#x62A;&#x639;&#x62F;&#x64A;&#x644;&#x627;&#x62A; &#x627;&#x644;&#x62A;&#x64A; &#x627;&#x639;&#x62A;&#x645;&#x62F;&#x62A; &#x641;&#x64A; &#x639;&#x627;&#x645; 2006 -&#x627;&#x62A;&#x641;&#x627;&#x642;&#x64A;&#x629; &#x646;&#x64A;&#x648;&#x64A;&#x648;&#x631;&#x643; 1958 &#x627;&#x644;&#x62E;&#x627;&#x635;&#x629; &#x628;&#x627;&#x644;&#x627;&#x639;&#x62A;&#x631;&#x627;&#x641; &#x628;&#x642;&#x631;&#x627;&#x631;&#x627;&#x62A; &#x627;&#x644;&#x62A;&#x62D;&#x643;&#x64A;&#x645; &#x627;&#x644;&#x623;&#x62C;&#x646;&#x628;&#x64A;&#x629; &#x648;&#x62A;&#x646;&#x641;&#x64A;&#x630;&#x647;&#x627; &#x648;&#x627;&#x644;&#x645;&#x639;&#x62F;&#x644;&#x629; &#x639;&#x627;&#x645; 2006 - &#x627;&#x62A;&#x641;&#x627;&#x642;&#x64A;&#x629; &#x627;&#x644;&#x623;&#x645;&#x645; &#x627;&#x644;&#x645;&#x62A;&#x62D;&#x62F;&#x629; &#x628;&#x634;&#x623;&#x646; &#x627;&#x644;&#x62E;&#x637;&#x627;&#x628;&#x627;&#x62A; &#x627;&#x644;&#x625;&#x644;&#x643;&#x62A;&#x631;&#x648;&#x646;&#x64A;&#x629; &#x641;&#x64A; &#x627;&#x644;&#x639;&#x642;&#x648;&#x62F; &#x627;&#x644;&#x62F;&#x648;&#x644;&#x64A;&#x629; &#x639;&#x627;&#x645; 2006 /</subfield>
    <subfield code="c">&#x648;&#x627;&#x626;&#x644; &#x62D;&#x645;&#x62F;&#x64A; &#x623;&#x62D;&#x645;&#x62F; &#x639;&#x644;&#x64A;.</subfield>
  </datafield>
  <datafield tag="260" ind1=" " ind2=" ">
    <subfield code="a">[&#x62F;. &#x645;. :</subfield>
    <subfield code="b">&#x62F;. &#x646;.]&#x60C;</subfield>
    <subfield code="c">2009.</subfield>
  </datafield>
  <datafield tag="300" ind1=" " ind2=" ">
    <subfield code="a">24 &#x635;. &#x61B;</subfield>
    <subfield code="c">24 &#x633;&#x645;.</subfield>
  </datafield>
  <datafield tag="504" ind1=" " ind2=" ">
    <subfield code="a">&#x64A;&#x634;&#x62A;&#x645;&#x644; &#x639;&#x644;&#x649; &#x625;&#x631;&#x62C;&#x627;&#x639;&#x627;&#x62A; &#x628;&#x628;&#x644;&#x64A;&#x648;&#x62C;&#x631;&#x627;&#x641;&#x64A;&#x629;.</subfield>
  </datafield>
  <datafield tag="650" ind1=" " ind2="7">
    <subfield code="2">BUEsh</subfield>
    <subfield code="a">&#x627;&#x644;&#x639;&#x642;&#x648;&#x62F; &#x627;&#x644;&#x625;&#x644;&#x643;&#x62A;&#x631;&#x648;&#x646;&#x64A;&#x629; (&#x642;&#x627;&#x646;&#x648;&#x646; &#x62F;&#x648;&#x644;&#x64A;)</subfield>
  </datafield>
  <datafield tag="650" ind1=" " ind2="7">
    <subfield code="2">BUEsh</subfield>
    <subfield code="a">&#x627;&#x644;&#x62A;&#x62F;&#x627;&#x639;&#x64A; &#x623;&#x645;&#x627;&#x645; &#x627;&#x644;&#x645;&#x62D;&#x627;&#x643;&#x645;</subfield>
    <subfield code="x">&#x645;&#x639;&#x627;&#x644;&#x62C;&#x629; &#x628;&#x64A;&#x627;&#x646;&#x627;&#x62A; (&#x642;&#x627;&#x646;&#x648;&#x646; &#x62F;&#x648;&#x644;&#x64A;)</subfield>
  </datafield>
  <datafield tag="651" ind1=" " ind2=" ">
    <subfield code="2">BUEsh</subfield>
  </datafield>
  <datafield tag="653" ind1=" " ind2=" ">
    <subfield code="b">LLAAWW</subfield>
    <subfield code="c">March2017</subfield>
  </datafield>
  <datafield tag="942" ind1=" " ind2=" ">
    <subfield code="2">ddc</subfield>
  </datafield>
  <datafield tag="999" ind1=" " ind2=" ">
    <subfield code="c">24418</subfield>
    <subfield code="d">24390</subfield>
  </datafield>
  <datafield tag="952" ind1=" " ind2=" ">
    <subfield code="0">0</subfield>
    <subfield code="1">0</subfield>
    <subfield code="2">ddc</subfield>
    <subfield code="4">0</subfield>
    <subfield code="7">0</subfield>
    <subfield code="8">DarN.AR.</subfield>
    <subfield code="a">MAIN</subfield>
    <subfield code="b">MAIN</subfield>
    <subfield code="c">1ST</subfield>
    <subfield code="d">2017-03-14</subfield>
    <subfield code="e">Purchase</subfield>
    <subfield code="g">55.00</subfield>
    <subfield code="h">2815</subfield>
    <subfield code="o">346.020285 &#x639; &#x644; &#x64A;</subfield>
    <subfield code="p">000045804</subfield>
    <subfield code="r">2025-07-15 00:00:00</subfield>
    <subfield code="v">68.75</subfield>
    <subfield code="y">BB</subfield>
  </datafield>
  <datafield tag="952" ind1=" " ind2=" ">
    <subfield code="0">0</subfield>
    <subfield code="1">0</subfield>
    <subfield code="2">ddc</subfield>
    <subfield code="4">0</subfield>
    <subfield code="7">0</subfield>
    <subfield code="8">DarN.AR.</subfield>
    <subfield code="a">MAIN</subfield>
    <subfield code="b">MAIN</subfield>
    <subfield code="c">1ST</subfield>
    <subfield code="d">2017-03-14</subfield>
    <subfield code="e">Purchase</subfield>
    <subfield code="g">55.00</subfield>
    <subfield code="h">2815</subfield>
    <subfield code="o">346.020285 &#x639; &#x644; &#x64A;</subfield>
    <subfield code="p">000045805</subfield>
    <subfield code="r">2025-07-15 00:00:00</subfield>
    <subfield code="v">68.75</subfield>
    <subfield code="y">BB</subfield>
  </datafield>
</record>
